Statistics for All Football Teams in top 5 Divisions from England and Top 2 Divisions Scotland

Click here to take the quiz!

General Stats

  • This quiz has been taken 590 times
  • The average score is 78 of 138

Answer Stats

Answer% Correct
Arsenal
95%
Celtic
95%
Manchester United
94%
Rangers
93%
Manchester City
93%
Chelsea
92%
Liverpool
91%
Tottenham Hotspur
90%
Newcastle United
89%
Everton
88%
Swansea City
87%
Sunderland
87%
QPR
86%
West Ham United
86%
Aston Villa
85%
Aberdeen
85%
Southampton
85%
Bournemouth
84%
West Bromwich Albion
83%
Cardiff City
82%
Norwich City
82%
Burnley
81%
Leicester City
81%
Stoke City
80%
Sheffield Wednesday
80%
Brighton & Hove Albion
80%
Birmingham City
80%
Leeds United
80%
Wolverhampton Wanderers
79%
Middlesbrough
79%
Portsmouth
79%
Hull City
79%
Crystal Palace
79%
Dundee
79%
Sheffield United
78%
Hearts
76%
Nottingham Forest
75%
Watford
75%
Fulham
74%
Blackburn Rovers
74%
Derby County
74%
Plymouth Argyle
72%
Blackpool
72%
Ipswich Town
71%
Huddersfield Town
70%
Bristol City
70%
Bolton Wanderers
70%
Reading
69%
Hibernian
68%
Dundee United
67%
Oxford United
66%
Bristol Rovers
66%
AFC Wimbledon
65%
Bradford City
65%
Millwall
63%
Barnsley
63%
Wigan Athletic
63%
Exeter City
61%
Notts County
61%
Coventry City
60%
Carlisle United
60%
Kilmarnock
60%
Charlton Athletic
59%
MK Dons
58%
Preston North End
58%
Accrington Stanley
57%
Rotherham United
57%
Motherwell
57%
Bury
57%
Inverness
56%
Brentford
56%
Oldham Athletic
55%
Northampton Town
55%
Luton Town
55%
Cambridge United
54%
Doncaster Rovers
54%
Leyton Orient
54%
Yeovil Town
52%
Chester
51%
Colchester United
51%
Tranmere Rovers
50%
St Mirren
50%
Swindon Town
50%
Falkirk
49%
Walsall
49%
Port Vale
48%
Wycombe Wanderers
48%
St Johnstone
48%
Gillingham
48%
Newport County
48%
Burton Albion
47%
Peterborough United
47%
Grimsby Town
47%
Partick Thistle
47%
Scunthorpe United
46%
Lincoln City
45%
Crewe Alexandra
45%
Southend United
44%
Wrexham
44%
Fleetwood Town
43%
Rochdale
43%
Hamilton
42%
Ross County
42%
York City
42%
Hartlepool United
41%
Shrewsbury Town
40%
Mansfield Town
39%
Cheltenham Town
39%
Barnet
38%
Stevenage
37%
Chesterfield
37%
Morecambe
36%
Dunfermline
36%
Forest Green Rovers
35%
Queen of the South
35%
Ayr United
32%
Crawley Town
32%
Macclesfield Town
29%
Raith Rovers
29%
Torquay United
29%
Dagenham & Redbridge
24%
Dumbarton
23%
Greenock Morton
22%
Gateshead
21%
Dover Athletic
21%
Barrow
20%
Sutton United
18%
Woking
17%
Southport
15%
Solihull Moors
15%
Bromley
15%
Eastleigh
15%
Maidstone United
14%
Boreham Wood
13%
Aldershot Town
12%
Guiseley
8%
Braintree Town
8%
North Ferriby United
6%

Score Distribution

Percentile by Number Answered

Percent of People with Each Score

Your Score History

You have not taken this quiz